|
|
|
|
| LEADER |
00000cam a2200000 a 4500 |
| 001 |
vtls001109469 |
| 003 |
SK-MaSNL |
| 005 |
20260301044349.0 |
| 008 |
250313s1980 xo a j 000 p slo |
| 015 |
|
|
|a SNBA1980
|
| 035 |
|
|
|a SNK000052311
|
| 035 |
|
|
|a urn:nbn:sk:snk-amju1b
|
| 035 |
|
|
|a urn:nbn:sk:snk-am008122
|
| 035 |
|
|
|a 70BA6C29-C6C5-4EC6-93B2-38431F4B4ED4
|
| 040 |
|
|
|a SNK
|b slo
|c SNK
|e AACR2
|
| 041 |
0 |
|
|a slo
|
| 044 |
|
|
|a xo
|c SK
|
| 080 |
|
|
|a 885.4-1(087.5)
|2 1981
|
| 100 |
1 |
|
|a Andel, Ján,
|d 1919-2003
|4 aut
|9 99638
|
| 245 |
1 |
0 |
|a Čerešničky
|c Ján Andel ; ilustrácie Mária Želibská
|
| 250 |
|
|
|a 2. vyd.
|
| 260 |
|
|
|a Martin
|b Osveta
|c 1980
|
| 300 |
|
|
|a 40 s.
|b ilustr.
|c 26 cm
|
| 366 |
|
|
|e 40000 výt.
|
| 500 |
|
|
|a Ilustr. na front.
|
| 655 |
|
7 |
|a slovenská poézia
|2 SNKPH
|9 70444
|
| 655 |
|
7 |
|a rečňovanky
|2 SNKPH
|9 277107
|
| 655 |
|
7 |
|a publikácie pre deti
|2 SNKPH
|9 70148
|
| 655 |
|
7 |
|a poézia pre deti
|2 SNKPH
|9 86748
|
| 852 |
|
|
|a Slovenská národná knižnica
|
| 954 |
|
|
|a beletria pôvodná (slovenská)
|2 lita
|
| 958 |
|
|
|a OND
|
| 958 |
|
|
|a TL
|
| 958 |
|
|
|a LX
|
| 958 |
|
|
|a DB
|
| 999 |
|
|
|c 595839
|d 597769
|
| 952 |
|
|
|a SNK
|b SNK
|y PREZ
|7 0
|p 17A0987536
|o snkSB 29988
|i snkKSP 4450/80
|0 0
|1 0
|4 0
|d 2014-10-17
|f 1
|l 0
|r 2025-04-03 00:00:00
|w 2026-02-23
|
| 952 |
|
|
|a SNK
|b SNK
|y VYP
|7 0
|p 17A0952543
|o snkSB 29988 D1
|i snkKSP 4451/80
|0 0
|1 0
|4 0
|d 2013-04-16
|l 0
|r 2026-02-23 15:38:22
|w 2026-02-23
|